000 00640nam a2200241 i 4500
001 C2-0106639
003 PPAK
005 20180727102057.0
008 970611s1994 my a|||| ||||| | may d
020 _a983959379X
040 _aPPAK
_beng
_cPPAK
_erda
082 0 4 _a398.2
_223
090 0 0 _a398.2
_bBUR
_dK
245 0 0 _aBurung Jentayu
264 1 _aKuala Lumpur :
_bGema Insani ,
_c1994
300 _a32 pages :
_billustrations ;
_c22 cm
336 _2rdacontent
_atext
337 _2rdamedia
_aunmediated
338 _2rdacarrier
_avolume
650 1 0 _aFolk literature, Malay
700 0 _aAyu Liyanti,
_ecompile
942 _ddc
_cB
999 _c26170
_d26170